| 000 | 01568cam a2200385 i 4500 | ||
|---|---|---|---|
| 999 |
_c1688 _d1688 |
||
| 001 | 19129554 | ||
| 003 | OSt | ||
| 005 | 20230119084428.0 | ||
| 008 | 160610s2016 nyua c 000 1 eng | ||
| 010 | _a 2016007265 | ||
| 020 | _a9780385392563 (hardback) | ||
| 040 |
_aDLC _beng _cDLC _erda _dDLC _dKH8 |
||
| 042 |
_alcac _apcc |
||
| 082 | 0 | 0 |
_aFIC COV _223 |
| 100 | 1 |
_aCoville, Bruce, _eauthor. |
|
| 245 | 1 | 0 |
_aHatched / _cBruce Coville ; illustrations by Paul Kidby. |
| 250 | _aFirst edition. | ||
| 264 | 1 |
_aNew York : _bRandom House, _c[2016] |
|
| 300 |
_a253 pages ; _c22 cm. |
||
| 336 |
_atext _btxt _2rdacontent |
||
| 337 |
_aunmediated _bn _2rdamedia |
||
| 338 |
_avolume _bnc _2rdacarrier |
||
| 490 | 0 | _aThe Enchanted Files | |
| 520 |
_a"Gerald the griffin isn't brave enough or fierce enough to fit in with the other griffins of the Enchanted Realm. When he runs away to the human world, he finds himself up to his beak in trouble, friendship, and fun!"-- _cProvided by publisher. |
||
| 650 | 1 |
_aGriffins _vFiction. |
|
| 650 | 1 |
_aDiaries _vFiction. |
|
| 650 | 1 | _aHumorous stories. | |
| 650 | 7 |
_aJUVENILE FICTION / Humorous Stories. _2bisacsh |
|
| 650 | 7 |
_aJUVENILE FICTION / Action & Adventure / General. _2bisacsh |
|
| 650 | 7 |
_aJUVENILE FICTION / Fairy Tales & Folklore / General. _2bisacsh |
|
| 700 | 1 |
_aKidby, Paul, _eillustrator. |
|
| 906 |
_a7 _bcbc _corignew _d1 _eecip _f20 _gy-gencatlg |
||
| 942 |
_2ddc _cFIC |
||